[Event "Krapina op 9th"]
[Site "Krapina"]
[Date "2019.01.20"]
[Round "6"]
[White "Simunic, Edi"]
[Black "Kostelic, Tihomir"]
[Result "1-0"]
[WhiteElo "1599"]
[BlackElo "1760"]
[PlyCount "79"]
[EventDate "2019.01.17"]
[EventType "swiss"]
[EventRounds "7"]
[EventCountry "CRO"]
[SourceTitle "CBM 188 Extra"]
[Source "ChessBase"]
[SourceDate "2019.02.26"]
[SourceVersion "1"]
[SourceVersionDate "2019.02.26"]
[SourceQuality "1"]

1. d4 d5 2. Nf3 e6 3. c4 c6 4. cxd5 exd5 5. Nc3 Nf6 6. Bf4 Be7 7. e3 Nbd7 8. h3 0-0 9. Bd3 Re8 10. 0-0 Nf8 11. a3 c5 12. dxc5 Bxc5 13. Rc1 Be7 14. Nb5 Ne6 15. Bc7 Nxc7 16. Nxc7 Rb8 17. Nxe8 Qxe8 18. Bb1 Bd6 19. Qd3 Bd7 20. Rfd1 Rd8 21. Ng5 Bb5 22. Qc2 Qe5 23. Nf3 Qe7 24. Nd4 Qd7 25. Nxb5 Qxb5 26. Ba2 Qe8 27. Qf5 Be5 28. Rc2 g6 29. Qf3 Kg7 30. Rcd2 Bb8 31. b4 Qe5 32. g3 Qc3 33. Rd3 Qb2 34. R1d2 Qc1+ 35. Qd1 Qc7 36. Bxd5 Rxd5 37. Rxd5 Ne4 38. Rd7 Qe5 39. R2d5 Qf6 40. Qd4 1-0

[Event "Krapina op 9th"]
[Site "Krapina"]
[Date "2019.01.17"]
[Round "1"]
[White "Kostelic, Tihomir"]
[Black "Mihevc, Ivo"]
[Result "0-1"]
[WhiteElo "1760"]
[BlackElo "2053"]
[PlyCount "112"]
[EventDate "2019.01.17"]
[EventType "swiss"]
[EventRounds "7"]
[EventCountry "CRO"]
[SourceTitle "CBM 188 Extra"]
[Source "ChessBase"]
[SourceDate "2019.02.26"]
[SourceVersion "1"]
[SourceVersionDate "2019.02.26"]
[SourceQuality "1"]

1. d4 Nf6 2. Bg5 e6 3. e4 h6 4. Bxf6 Qxf6 5. c3 c5 6. e5 Qd8 7. Nf3 d5 8. exd6 Qxd6 9. Bd3 Nc6 10. 0-0 Bd7 11. dxc5 Qxc5 12. Qe2 Bd6 13. Re1 Bc7 14. Nbd2 Qe7 15. Rad1 0-0 16. Nc4 Rad8 17. Nce5 Nxe5 18. Nxe5 Bxe5 19. Qxe5 Bc6 20. Bc2 Qh4 21. Qg3 Qf6 22. Qe3 b6 23. a4 Rxd1 24. Rxd1 Rd8 25. Rxd8+ Qxd8 26. b3 Qd5 27. f3 Kf8 28. Kf2 Ke7 29. Be4 Qd6 30. Bxc6 Qxc6 31. Qd4 f6 32. Ke2 e5 33. Qb4+ Kf7 34. Kd3 Qd5+ 35. Kc2 f5 36. Qh4 a5 37. Qh5+ Kf6 38. Qe8 e4 39. Qf8+ Kg6 40. Qe8+ Kh7 41. fxe4 fxe4 42. Qc8 Qd3+ 43. Kc1 e3 44. Qc4 Qd2+ 45. Kb1 Qxg2 46. Qd3+ Qg6 47. Qxg6+ Kxg6 48. Kc2 Kf5 49. Kd3 Kf4 50. Ke2 Ke4 51. b4 g5 52. b5 h5 53. h3 g4 54. hxg4 hxg4 55. c4 Kd4 56. c5 Kxc5 0-1

[Event "Krapina-ch 8th "]
[Site "Krapina"]
[Date "2018.01.20"]
[Round "5"]
[White "Novosel, Kristijan"]
[Black "Kostelic, Tihomir"]
[Result "0-1"]
[WhiteElo "1633"]
[BlackElo "1691"]
[PlyCount "84"]
[EventDate "2018.01.18"]
[EventType "swiss"]
[EventRounds "7"]
[EventCountry "CRO"]
[SourceTitle "EXT 2019"]
[Source "ChessBase"]
[SourceDate "2018.10.10"]
[SourceVersion "1"]
[SourceVersionDate "2018.10.10"]
[SourceQuality "1"]

1. e4 c5 2. Bc4 e6 3. Nc3 a6 4. a3 Qc7 5. Nf3 Nc6 6. d3 b5 7. Ba2 Nf6 8. Bg5 Be7 9. h3 Bb7 10. 0-0 0-0 11. Qd2 d6 12. Ne2 Rac8 13. Rab1 Rfd8 14. Ng3 h6 15. Bxh6 gxh6 16. Qxh6 Nh7 17. Nh5 Bf8 18. Nf6+ Nxf6 19. Qxf6 Qe7 20. Qf4 Bg7 21. h4 Qf6 22. Qg4 c4 23. Qg5 Qxg5 24. Nxg5 cxd3 25. cxd3 Nd4 26. f4 Bf6 27. g4 Rc2 28. f5 Ne2+ 29. Kf2 Nc1+ 30. Ke3 Bxg5+ 31. hxg5 Nxa2 32. fxe6 fxe6 33. Rf6 Rc1 34. Rxc1 Nxc1 35. Rxe6 Kf7 36. Rh6 Kg7 37. Re6 Rd7 38. d4 Nb3 39. g6 Na5 40. Kf4 Nc4 41. Kg5 Nxb2 42. Rf6 Bxe4 0-1